MDQL
is popping MORE tags! Check the
thread
!
Quizzes
Events
Quiz Creation
Community
Videos
Private Events
Remove Ads
Sign In
Join for FREE
Feedback
Dark Mode
Quiz Categories
Sports
Geography
Music
Movies
Television
Just For Fun
Miscellaneous
History
Literature
Language
Science
Gaming
Entertainment
Religion
Holiday
For Kids
Quiz Lab
Recent
Popular Today
Quiz Kudos Today
Editor Picks
Curator Picks
Quizzes by...
Day
Popularity
Type
Ratings
Length
Year
Community
Subscriptions
Recent Discussions
Orange Saloon
Badges
Playlists
Quests
Create
Leaderboards
Showdown
Live 5
Trivia Bingo
Activity
Puzzle Library
Sporcle Events
Private Events
Virtual Trivia
Globe League
Become a Host
Pub Owners
SporcleCon
Opinionation
Our Games
Videos
Blog
Mobile Apps
Partnerships
Remove Ads and Go Orange
Feedback
Geography
Country
Landmarks
City
State
Population
World
Capital
Continent
Flags
Europe
Africa
Asia
South America
North America
Oceania
Border
Canada
United Kingdom
Topography
United States
Geography
Country
Landmarks
City
State
Population
World
Capital
Continent
Flags
Europe
Africa
Asia
South America
North America
Oceania
Border
Canada
United Kingdom
Topography
United States
Random Quiz
Search Sporcle
×
Quiz Lab
Quiz Lab
Geography
Country
Type in answers that appear in a list
Type in answers that appear in a list
Classic
Best Score? Go Orange.
Country Quiz South Korea Stats
Can you name the following facts about south korea?
By
Yashidor
8m
36 Questions
880 Plays
880 Plays
880 Plays
Comments
Comments
Give Quiz Kudos
Give Quiz Kudos
-
- Ratings
hide this ad
Replay
Link that replays current quiz
Next Quiz
Link to next quiz in quiz playlist
You Got
0%
They Got
Avg Score
49%
Avg Friend Score
Upgrade to see
Score Distribution
Jump to the score distribution portion of the page
Score
0/36
Timer
08:00
0
Plays Today
Hint
Answer
% Correct
Bordering Country
North Korea
92.8%
Nationality (Demonym)
Korean
89.7%
Official Language
Korean
89.7%
Flag Color
White
89.3%
Flag Color
Blue
88.7%
Flag Color
Red
86.8%
Form of Government
Republic
83.5%
Capital and Largest City
Seoul
80%
Second Largest City
Busan
77.4%
Primary Continent
Asia
75.6%
Flag Color
Black
73.9%
Official Name
Republic of Korea
70.3%
Currency
South Korean Won
69.5%
Independence From
Japan
69.1%
Major Religion
Christianity
67.5%
Major Religion
Buddhism
62.3%
Age of suffrage
19
59.3%
Independence Day
August 15th
56.4%
Hint
Answer
% Correct
Lowest Point
Sea of Japan
52.2%
Bordering Sea
Sea of Japan
52.2%
Bordering Sea
Yellow Sea
51.3%
Independence Year
1945
45.6%
Political Party
Renewal Korea Party
41.6%
Internet Country Code
.kr
40.8%
Highest Point
Halla-san
22.7%
Chief Secretary
Cho Jung-pyo
15.6%
Political Party
Democratic Party
15.4%
Bordering Strait
Korean Strait
14.5%
National Anthem
Aegukga
13%
Chief of State/
President
Lee Myung-bak
9.5%
Political Party
Democratic Labor Party
4.1%
Political Party
Grand National Party
2.1%
Head of Government/
Prime Minister
Chung Un-chan
1.3%
Political Party
New Progressive Party
1%
Political Party
Pro-Park Alliance
1%
Political Party
Liberty Forward Party
0.9%
Quiz Playlist
Details
Report
Send in Message
Add To Playlist
Classic:
Type in answers that appear in a list
Quiz Source
Last Updated: Jul 24, 2018
Quiz Scoreboard
CHALLENGE
Sign Up to Join the Scoreboard
Show All
Scores
Hide
Comments
May contain spoilers
Recently Published
1-10 Letter E Words III
by El_Dandy
Language
2m
Street Fighter Characters
by Artimus82
Gaming
60s
College Basketball Coaching Resumes
by pancakes188
Sports
9m
More to Explore
Quiz From the Vault
Featured Blog Post
Where Did the Easter Bunny Come From?
hide this ad
You Might Also Like...
Tags
Country Quiz
South Korea
Today's Top Quizzes in Geography
Browse Geography
hide this ad
Today's Top Quizzes in Country
Browse Country
Top Contributed Quizzes in Geography
1
Countries of the World - No Outlines Minefield
2
Top 25 Cities of France on a map
3
Any capital of a 'B' country per Continent
4
Any capital of a 'C' country per Continent
5
Closest Countries to UK A-Z
6
Any capital of a 'D' country per Continent
7
5-to-1: US Geography No Hints
8
Any capital of an 'E' country per Continent
9
Find the US States - No Outlines
10
Any capital of an 'F' country per Continent
Explore More
Trending Topics
Disney
Marvel
Anime
Kpop
Harry Potter
Crossword
NBA
WWE
Song
The Office
Puzzle
Country
Pokémon
NFL
Soccer
hide this ad
More By:
Yashidor
Quiz
Plays
Rating
Category
Featured
Created
Countries of Eurasia
1,509
3.38
Geography
Apr 29, 2011
39 Clues Branches
932
3.00
Literature
Mar 21, 2010
Ancient Greek major city-states
885
2.00
History
Mar 15, 2010
Country Quiz South Korea
880
3.50
Geography
Apr 8, 2010
Oldest Independent Countries
744
3.13
History
Feb 27, 2011
Go to Creator's Profile
Score Distribution
Quiz Creator Spotlight
Yashidor
Follow
Send a Message
Quizzes Created
-
Created Quiz Play Count
-
More By This Creator
Popular Quizzes Today
1
Find the US States - No Outlines Minefield
2
Find the Countries of Europe - No Outlines Minefield
3
The Countries of the World
4
Find the US States
5
Risky Map Clicking: Biggest States A-Z
6
US States
7
Popular People in 1961
8
Movies - When Are They Set?
More Geography Quizzes
Asia's Largest Cities
Published
Trending Quizzes
Risky Map Clicking: Least Populous States A-Z
1-10 Letter G Words
USA Borders Longest to Shortest
1-10 Letter F Words
Countries of the World: 200 Million BC
Recently Updated
Leaping Animals
pecheneg
Reality TV Shows (A-Z)
bhenderson79
Rickey Henderson's Hall of Fame Teammates
pecheneg
Champions League XIs: Arsenal
pecheneg
Quick Pick: Celebrities in WWE's Hall of Fame
aduchscher
A-Z Keypad Blitz II
pecheneg
Multiple Oscar Actors
pecheneg
Mystery Phrase Blitz: Oscar 'Best Actors'
pecheneg
F. Scott Fitzgerald Novels
LTH
Pick 3 Villains
ddd62291
Trending Topics
Marvel
Crossword
NBA
Harry Potter
Anime
Kpop
Disney
NFL
Puzzle
Soccer
Country
The Office
WWE
Pokémon
Song
Your Account Isn't Verified!
In order to create a playlist on Sporcle, you need to verify the email address you used during registration. Go to your
Sporcle Settings
to finish the process.
Report this User
Report this user for behavior that violates our
Community Guidelines
.
Details:
Send Report
Go to the Sporcle.com Mobile Site →
Comments